000 00878nas a2200265 4500
001 BR9506144
003 BR-BrBNA
005 20231205094215.0
007 ta
008 230509b bl.|||p| |||| 00| 00por d
040 _aBR-BrBNA
_bpor
_cBiblioteca Nacional de Agricultura
041 _a(Pt)
072 _aL60
100 1 _aLucena, C.A.S. de
100 1 _aJardim, A. da S.
100 1 _aVidal, E.S.
245 1 _aOcorrencia, distribuicao e abundancia da fauna de peixes da praia de Itapua, Viamao, Rio Grande do Sul, Brasil
650 _aPeixe
650 _aTaxonomia Animal
650 _aDistribuicao Geografica
650 _aRio Grande do Sul
773 0 _tComunicacoes do Museu de Ciencias e Tecnologia da PUCRS. Serie Zoologia (Brazil)
_xISSN 0104-6950
_g(Dec 1994), v. 7 p. 3-27
_wBR9506144
909 _a202311
_bLúcia
_c55
_dLúcia Elande
942 _2AGRIS
_n0
_cANA
999 _c142759
_d142759